000
00258nam a2200121Ia 4500
008
231129s1968||||xx |||||||||||||| ||spa||
040
_b
spa
082
_a
R(i) 940.18 C958
245
0
_a
Las cruzadas
260
_c
1968
264
_a
Teide
942
_2
ddc
_c
BKS
999
_c
18685
_d
18685